书目信息 |
| 题名: |
希特勒死亡之谜
|
|
| 作者: | 别西缅斯基 , 龚新康 著 | |
| 分册: | ||
| 出版信息: | 南昌 百花洲文艺出版社 1990.6 |
|
| 页数: | 164页 | |
| 开本: | 19厘米 | |
| 丛书名: | ||
| 单 册: | ||
| 中图分类: | K835.167.5 | |
| 科图分类: | ||
| 主题词: | 德意志第三帝国--史料 | |
| 电子资源: | ||
| ISBN: | 978-7-80579-041-1 | |
| 000 | 00823nam 2200253 450 | |
| 001 | 0100323663 | |
| 005 | 20020928000000.0 | |
| 010 | @a978-7-80579-041-1@dCNY3.20 | |
| 100 | @a19910327d1990 em y0chiy0110 ea | |
| 101 | 1 | @achi@crus |
| 102 | @aCN@b360000 | |
| 105 | @af z 000yy | |
| 106 | @ar | |
| 200 | 1 | @a希特勒死亡之谜@9Xi Te Le;Lei Si Wang;Wu Zhi Mi;Mei @f(苏)别西缅斯基著@g龚新康等译@b专著 |
| 210 | @a南昌@c百花洲文艺出版社@d1990.6 | |
| 215 | @a164页@c照片@d19厘米 | |
| 300 | @a著者原题:列夫·别西缅斯基 | |
| 600 | 0 | @a希特勒@c(Hitler, Adolf@f1889-1945)@x死因分析 |
| 606 | 0 | @a德意志第三帝国@x史料 |
| 690 | @aK835.167.5 | |
| 701 | 1 | @a别西缅斯基@9bie xi mian si ji@b列夫@4著 |
| 701 | 0 | @a龚新康@f(1946~)@9gong xin kang@4译 |
| 801 | 0 | @aCN@bAiZhiMarc@c19910327 |
| 905 | @aBZT@dK835.16@e59@f4@sK835.16/59 | |
| 希特勒死亡之谜/(苏)别西缅斯基著/龚新康等译.-南昌:百花洲文艺出版社,1990.6 |
| 164页:照片;19厘米 |
| 著者原题:列夫·别西缅斯基 |
| ISBN 978-7-80579-041-1:CNY3.20 |
| ● |
| 相关链接 |
|
|
|
正题名:希特勒死亡之谜
索取号:K835.16/59
 
预约/预借
| 序号 | 登录号 | 条形码 | 馆藏地/架位号 | 状态 | 备注 |
| 1 | 2000115326 | 2000115326 | 旧书回溯/ [索取号:K835.16/59] | 在馆 | |
| 2 | 2000115327 | 2000115327 | 旧书回溯/ [索取号:K835.16/59] | 在馆 | |
| 3 | 2000116532 | 2000116532 | 旧书回溯/ [索取号:K835.16/59] | 在馆 | |
| 4 | 2000116959 | 2000116959 | 旧书回溯/ [索取号:K835.16/59] | 在馆 |